Return of the Mount Hua Sect Characters - Statistics

General Stats
  • This quiz has been taken 24 times
    14 since last reset
  • The average score is 7 of 30
Answer Stats
Hint Character % Correct
Righteous Blossom Baekcheon
89%
Master of the Blossoming Blade Cheongmyeong
78%
Mount Hua Third Grade Disciple Jogeul
67%
Ice Sword Plum Blossom Yoo Iseol
67%
Tang Clan Young Lady Tang Soso
56%
Wudang Clear Flowing Sword Mu Jin
44%
Mount Hua Third Grade Disciple Yunjong
44%
Demonic Cult Leader Cheonma
33%
Former Tang Clan Elder Tang Bo
33%
Tang Clan Fifth Young Lord Tang Zhan
33%
Former Mount Hua Sect Leader Cheongmun
22%
Zhongnan Sect Second Grade Disciple Jin Geumryong
22%
Wudang Sword Dragon Jin Hyeon
22%
Zhongnan Sect Second Grade Disciple Lee Songbaek
22%
Current Tang Clan Head Tang Gunak
22%
Mount Hua First Grade Disciple Ungeom
22%
Wudang Sect Leader Heodo
11%
Wudang Sect Elder Heo Sanja
11%
Mount Hua Martial Arts Office Elder Hyeonsang
11%
Mount Hua Finance Office Elder Hyeonyeong
11%
Tang Clan Young Clan Lord Tang Pae
11%
Beggar's Union Hua-Um Branch Leader Hong Daekwang
0%
Eunha Trading Company Vice President Hwang Jongui
0%
Eunha Trading Company President Hwang Munyak
0%
Current Mount Hua Sect Leader Hyeongjong
0%
Zhongnan Sect Second Grade Disciple Jong Sohan
0%
Zhongnan Sect Elder Sama Seung
0%
Mount Hua First Grade Disciple Ungak
0%
Hwayoung Sect Leader Wei Lishan
0%
Successor of Hwayoung Sect Wei Sohaeng
0%
No matching quizzes found
Score Distribution
Percent of People with Each Score
Percentile by Number Answered
Your Score History
You have not taken this quiz since the last reset